01198naa#a2200205#i#4500001001600000005001700016011001400033100004100047102000700088200031600095210020500411215001000616608004500626675003500671700007800706700006400784700006200848700005200910856003000962RU\\bibl\11937720260429131148.3##a1994-4683##a20260429b2026####ek#y0rusy0150####ca##aRU1#aИспользование проприоцептивно‑ориентированных упражнений для развития координационных способностей в тхэквондо ИТФ на этапе начальной подготовкиeЖурнальная статья1#aМоскваcНациональный государственный Университет физической культуры, спорта и здоровья им. П.Ф. Лесгафтаd2026##a6 с.##aЖурнальная статья2local##aТаеквон-до. 796.856.2#1aНебураковскийgАлександр Александрович#1aПустуеваgЕлизавета Анатольевна#1aГутовскийgРуслан Владимирович#1aСоханgМаксим Спартакович4#auchzapiski.lesgaft.spb.ru